Các nhóm huyết của sinh viên Viện Đại Học Cần Thơ
Sparad:
| Huvudupphovsman: | |
|---|---|
| Materialtyp: | Bok |
| Språk: | Undetermined |
| Publicerad: |
Cần Thơ
Viện Đại Học Cần Thơ - Đại Học Khoa Học - Ban Vạn Vật Học
1974
|
| Ämnen: | |
| Taggar: |
Lägg till en tagg
Inga taggar, Lägg till första taggen!
|
| Thư viện lưu trữ: | Trung tâm Học liệu Trường Đại học Cần Thơ |
|---|
| LEADER | 00612nam a2200181Ia 4500 | ||
|---|---|---|---|
| 001 | CTU_33734 | ||
| 008 | 210402s9999 xx 000 0 und d | ||
| 082 | |a 612.11825 | ||
| 082 | |b Th300 | ||
| 100 | |a Nguyễn Thị Thi | ||
| 245 | 0 | |a Các nhóm huyết của sinh viên Viện Đại Học Cần Thơ | |
| 245 | 0 | |c Nguyễn Thị Thi | |
| 260 | |a Cần Thơ | ||
| 260 | |b Viện Đại Học Cần Thơ - Đại Học Khoa Học - Ban Vạn Vật Học | ||
| 260 | |c 1974 | ||
| 650 | |a blood groups | ||
| 904 | |i Minh, 991109 | ||
| 980 | |a Trung tâm Học liệu Trường Đại học Cần Thơ | ||